| 000 | 01121pam a22003371i 4500 | ||
|---|---|---|---|
| 001 | 016460785 | ||
| 003 | OSt | ||
| 005 | 20141204112829.0 | ||
| 008 | 130703t2014 xxua frd 001 0 eng d | ||
| 020 | _a9780071771498 (pbk.) | ||
| 020 | _a0071771492 (pbk.) | ||
| 040 |
_aStDuBDS _beng _cStDuBDS _dUk _dEG-ScBUE |
||
| 082 | 0 | 0 |
_a617.0231 _222 _bDIG |
| 100 | 1 |
_aDiGiulio, Mary _923948 |
|
| 245 | 1 | 0 |
_aMedical-surgical nursing demystified / _cMary DiGiulio, Jim Keogh. |
| 246 | 3 | _aMedical surgical nursing demystified | |
| 250 | _a2nd ed. | ||
| 260 |
_aNew York, United States : _bMcGraw-Hill Education Medical, _cc.2014. |
||
| 300 |
_axvii, 638 p. : _bill. ; _c23 cm. |
||
| 500 | _aPrevious edition : 2007. | ||
| 500 | _aGlossary : p. 617-624. | ||
| 500 | _aIndex : p. 625-638. | ||
| 650 | 0 |
_aSurgical nursing _936117 |
|
| 650 | 2 | 2 |
_aPerioperative Nursing _xmethods _936283 |
| 650 | 2 | 2 |
_aNursing Care _xmethods _928926 |
| 650 | 0 |
_aNursing Process _94471 |
|
| 653 |
_bNNUR _cOctober2014 _cDecember2014 |
||
| 655 |
_vreading book _934232 |
||
| 700 | 1 |
_aKeogh, James Edward, _d1948- _923969 |
|
| 942 |
_2ddc _k617.0231 DIG |
||
| 999 |
_c18480 _d18452 |
||